000
00251nam a2200097Ia 4500
001
689982
005
20250826161807.0
008
250824s9999 xx 000 0 und d
245
0
_a
ROBİNSON CRUSOE
_c
JONATHAN SWİFT
260
_b
ANTİK DÜNYA KLASİKLERİ
999
_c
689982
_d
689982